Giáo trình tin học cơ sở Dùng cho sinh viên, học sinh, nhân viên văn phòng, người bắt đầu học các trung tâm tin học
Đã lưu trong:
| Príomhúdar: | |
|---|---|
| Formáid: | Leabhar |
| Foilsithe: |
Hà Nội
Hà Nội
2005
|
| Ábhair: | |
| Clibeanna: |
Cuir Clib Leis
Gan Chlibeanna, Bí ar an gcéad duine leis an taifead seo a chlibeáil!
|
| Thư viện lưu trữ: | Trung tâm Học liệu Lê Vũ Hùng, Trường Đại học Đồng Tháp |
|---|
| LEADER | 00885pam a22003018a 4500 | ||
|---|---|---|---|
| 001 | 00035976 | ||
| 005 | 20171026081025.0 | ||
| 008 | 170111s2005 ||||||Viesd | ||
| 020 | # | # | |c 26000 |
| 041 | 0 | # | |a Vie |
| 082 | 1 | 4 | |a 004.071 |b GI108TR |
| 100 | 0 | # | |a Bùi, Thế Tâm |
| 245 | 1 | 0 | |a Giáo trình tin học cơ sở |c Bùi Thế Tâm |b Dùng cho sinh viên, học sinh, nhân viên văn phòng, người bắt đầu học các trung tâm tin học |
| 260 | # | # | |a Hà Nội |b Hà Nội |c 2005 |
| 300 | # | # | |a 136tr. |c 27cm. |
| 653 | # | # | |a Giáo trình |
| 653 | # | # | |a Tự học |
| 852 | # | # | |b Kho đọc |j KD.0019450 |
| 852 | # | # | |j KD.0019450 |
| 910 | 0 | # | |d 11/01/2017 |
| 980 | # | # | |a Trung tâm Học liệu Lê Vũ Hùng, Trường Đại học Đồng Tháp |